Library of the University of Algiers 3
Ibrahim Sultan Cheibout
شعار جامعة الجزائر 3
مكتبة جامعة الجزائر 3
إبراهيم سلطان شيبوط

إدارة البنوك تقليدية الماضي والكترونية المستقبل / (رقم التسجيلة. 41663)

تفاصيل مارك
000 -LEADER
fixed length control field 01033nam a2200229Ia 4500
003 - CONTROL NUMBER IDENTIFIER
control field Ost
005 - DATE AND TIME OF LATEST TRANSACTION
control field 20260507074902.0
008 - FIXED-LENGTH DATA ELEMENTS--GENERAL INFORMATION
fixed length control field 260507s9999||||xx |||||||||||||| ||und||
020 ## - INTERNATIONAL STANDARD BOOK NUMBER
International Standard Book Number 9774100360
040 ## - CATALOGING SOURCE
Transcribing agency fsecg
041 ## - LANGUAGE CODE
Language code of text/sound track or separate title ara
082 ## - DEWEY DECIMAL CLASSIFICATION NUMBER
Classification number 332.1
100 ## - MAIN ENTRY--PERSONAL NAME
Personal name غنيم، أحمد محمد
Relator term مؤلف
245 #0 - TITLE STATEMENT
Title إدارة البنوك تقليدية الماضي والكترونية المستقبل /
Statement of responsibility, etc. أحمد محمد غنيم
260 ## - PUBLICATION, DISTRIBUTION, ETC.
Place of publication, distribution, etc. الإسكندرية:
Name of publisher, distributor, etc. المكتبة العصرية للنشر والتوزيع,
Date of publication, distribution, etc. 2007
300 ## - PHYSICAL DESCRIPTION
Extent 154 صفحة؛
Other physical details إيضاحات ؛
Dimensions 25 سم
504 ## - BIBLIOGRAPHY, ETC. NOTE
Bibliography, etc. note ببليوغرافيا: ص.151
520 ## - SUMMARY, ETC.
Summary, etc. يضم إدارة البنوك، هيكل الجهاز المصرفي، المبادئ الحاكمة لأعمال البنوك، إدارة الخدمات المصرفية، إدارة موارد البنوك، إدارة نشاط توظيف أموال البنوك
653 ## - INDEX TERM--UNCONTROLLED
Uncontrolled term الإدارة المالية
653 ## - INDEX TERM--UNCONTROLLED
Uncontrolled term البنوك
942 ## - ADDED ENTRY ELEMENTS (KOHA)
Koha item type كتب
المقتنيات
Withdrawn status Lost status Source of classification or shelving scheme Damaged status Not for loan Home library Current library Date acquired Serial enumeration / chronology Inventory number Total checkouts Full call number Barcode Date last seen Price effective from Koha item type
    Dewey Decimal Classification   NOT LOAN / إعارة داخلية مكتبة كلية العلوم الإقتصادية والعلوم التجارية وعلوم التسيير مكتبة كلية العلوم الإقتصادية والعلوم التجارية وعلوم التسيير 07/05/2026 الطابق الأرضي 1901/1   أ/2420ن1 1901/1 07/05/2026 07/05/2026 كتب
    Dewey Decimal Classification   Available مكتبة كلية العلوم الإقتصادية والعلوم التجارية وعلوم التسيير مكتبة كلية العلوم الإقتصادية والعلوم التجارية وعلوم التسيير 07/05/2026 الطابق الأرضي 1901/2   أ/2420ن2 1901/2 07/05/2026 07/05/2026 كتب
    Dewey Decimal Classification   Available مكتبة كلية العلوم الإقتصادية والعلوم التجارية وعلوم التسيير مكتبة كلية العلوم الإقتصادية والعلوم التجارية وعلوم التسيير 07/05/2026 الطابق الأرضي 1901/3   أ/2420ن3 1901/3 07/05/2026 07/05/2026 كتب
    Dewey Decimal Classification   Available مكتبة كلية العلوم الإقتصادية والعلوم التجارية وعلوم التسيير مكتبة كلية العلوم الإقتصادية والعلوم التجارية وعلوم التسيير 07/05/2026 الطابق الثاني 1901/4   أ/2420ن4 1901/4 07/05/2026 07/05/2026 كتب
    Dewey Decimal Classification   Available مكتبة كلية العلوم الإقتصادية والعلوم التجارية وعلوم التسيير مكتبة كلية العلوم الإقتصادية والعلوم التجارية وعلوم التسيير 07/05/2026 الطابق الثاني 1901/5   أ/2420ن5 1901/5 07/05/2026 07/05/2026 كتب
    Dewey Decimal Classification   Available مكتبة كلية العلوم الإقتصادية والعلوم التجارية وعلوم التسيير مكتبة كلية العلوم الإقتصادية والعلوم التجارية وعلوم التسيير 07/05/2026 مكتبة بن عكنون 1901/6   أ/2420ن6 1901/6 07/05/2026 07/05/2026 كتب
    Dewey Decimal Classification   Available مكتبة كلية العلوم الإقتصادية والعلوم التجارية وعلوم التسيير مكتبة كلية العلوم الإقتصادية والعلوم التجارية وعلوم التسيير 07/05/2026 مكتبة بن عكنون 1901/7   أ/2420ن7 1901/7 07/05/2026 07/05/2026 كتب
    Dewey Decimal Classification   Available مكتبة كلية العلوم الإقتصادية والعلوم التجارية وعلوم التسيير مكتبة كلية العلوم الإقتصادية والعلوم التجارية وعلوم التسيير 07/05/2026 مكتبة بن عكنون 1901/8   أ/2420ن8 1901/8 07/05/2026 07/05/2026 كتب

موارد الويب المفتوحة


© University of Algiers 3 All Rights Reserved
|
Implemented by LECHELAH Riad